000 02793nam0a2200409 4500
001 RU\NLR\BIBL_A\012733839
005 20260407053408.0
010 _a978-5-00196-015-7
_995
021 _aRU
_b2021-84069
_9КН-П-6699
035 _a(RuMoRGB)010899173
035 _a(NLR Aleph) 012733839
090 _a12980935
_c12980935
100 _a20220318d2021 |||y0rusy50 ca
101 0 _arus
_aeng
102 _aRU
105 _aa z 100zy
181 0 _ai3
_baxxe
182 0 _an
200 1 _aРоссия и мировое сообщество: проблемы демографии, экологии и здоровья населения
_eIV Международная научно-практическая конференция, 30-31 августа 2021 г.
_eсборник статей
_fМинистерство науки и высшего образования РФ, Российская академия наук, Отделение историко-филологических наук, Научный совет по исторической демографии и исторической географии [и др.]
_gпод редакцией докторов исторических наук, профессоров С. Д. Морозова, В. Б. Жиромской
203 _aТекст
_bвизуальный
_cнепосредственный
210 _aПенза
_cРИО ПГАУ
_d2021
215 _a102 с.
_cил., табл.
_d20
300 _aТекст рус., англ.
320 _aБиблиогр. в конце ст.
606 1 _aГуманитарные науки
_jСъезды, совещания и т.п
_92175177
_3RU\NLR\AUTH\661308230
606 1 _aЗдоровье
_jСъезды, совещания и т.п
_yРоссийская Федерация
_92097786
_3RU\NLR\AUTH\661269094
686 1 _aС.431
686 1 _aЧ21я431
686 1 _aР11(2)0я431
702 1 _4340
_8rus
_7ca
_aМорозов
_bС. Д.
_cд-р ист. наук, отечеств. история
_gСергей Дмитриевич
_3RU\NLR\AUTH\7743047
_925990
711 1 2 _a"Россия и мировое сообщество: проблемы демографии, экологии и здоровья населения", международная научно-практическая конференция
_d4
_eПенза
_f2021
_9790109
_3RU\NLR\AUTH\880561451
712 0 2 _4570
_aРоссийская академия наук
_bНаучный совет по исторической демографии и исторической географии
_3RU\NLR\AUTH\8810023320
_9544646
942 _cBOOK
980 _aNB